00553nam a2200181 a 450000100100000000500170001000800410002704000250006808200150009311000320010824000190014024500190015926000340017830000200021204900090023295201130024199900170035400001676020200929164945.0100310s1918 dr 000 0 spa d aDO-SdBNPbspacBNPHU axxxbR426l1 aRepública Dominicana944713a[ leyes, etc.]10aLey de correo. aSanto DomingofEscobarc1918. a63 p. ;c24 cm. aBNPD 0010718PDaPDbPDcCTd2010-03-10iLF1l0oxxx R426lp16760-10r2020-06-25w2020-06-25yLFPDZNo se presta c16292d16292